| 000 | 00484pam a2200157 a 4500 | ||
|---|---|---|---|
| 020 | _a0442207433 | ||
| 082 | 0 | 0 |
_a006.3 _bWAS _cD |
| 100 | 1 |
_aWasserman, Philip D., _936918 |
|
| 245 | 1 | 0 |
_aNeural computing : _btheory and practice / _cPhilip D. Wasserman. |
| 260 |
_aNew York : _bVan Nostrand Reinhold, _cc1989. |
||
| 300 |
_aviii, 230 p. : _bill. ; _c24 cm. |
||
| 526 |
_a0 _b0 _c0 _d006_300000000000000_WAS |
||
| 650 | 0 |
_aMCE _9379 |
|
| 650 | 0 |
_aNeural computers. _936919 |
|
| 942 |
_2ddc _cBK |
||
| 999 |
_c541864 _d541864 |
||